000 00376nam a2200145Ia 4500
008 100122s9999 xx 000 0 und d
082 _b53858
_a823.08
100 _aARORA BOOK COMPANY
245 _aGOODNIGHT FAIRY STORIES
260 _bARORA BOOK COMPANY
_c1997
300 _a90
630 _aGOODNIGHT FAIRY STORIES
730 _aGOODNIGHT FAIRY STORIES
942 _cBOOK
999 _c376161
_d376158